000
00334nam a2200157Ia 4500
100
_a
Ceri/ Stefano
250
_a
2
942
_c
BK
654
_a
computer
245
_a
Distributed Database : Principles & Systems
260
_b
Mc Graw Hill
_c
1984
082
_a
5.758
_b
CER
300
_a
393
546
_a
ENGLISH
999
_c
34892
_d
34892